000 00612nam a2200217 a 4500
001 BRL_1552
005 20190320211247.0
008 030314s1977----u--a######---#000-0#eng-#
041 _aeng
044 _au
050 4 _aE99.Y3
_b.K33 1977
100 1 _aKaczkurkin, Mini Valenzuela
_927253
245 1 0 _aYoeme
_blore of the Arizona yaqui people
_cMini Valenzuela Kaczkurkin.
260 _aTucson, Arizona
_bUniversity of Arizona
_c1977
300 _av, 59 p.
_bil.
_c15 cm.
500 _aAu1789
650 1 4 _aYaquis
_xMitologĂ­a
_927254
650 1 4 _aYaquis
_xFolclor
_927255
902 _aGRL
942 _2lcc
_cB
999 _c10361
_d10361